Central Library OPAC University of Rajshahi

Calcium and phosphorus in foods and nutrition. (Record no. 12750)

MARC details
000 -LEADER
fixed length control field 00943cam a22003132 4500
001 - CONTROL NUMBER
control field 12750
003 - CONTROL NUMBER IDENTIFIER
rucl marc code UkOxU
005 - DATE AND TIME OF LATEST TRANSACTION
control field 20211208235341.0
008 - FIXED-LENGTH DATA ELEMENTS--GENERAL INFORMATION
fixed length control field 140129s19481947nyua b 001 0 eng d
035 ## - SYSTEM CONTROL NUMBER
System control number OCLC ocm01109912 from D971023M
-- (BD-RjUL)12800
040 ## - CATALOGING SOURCE
Original cataloging agency DLC
Transcribing agency WGT
Modifying agency IUD
-- MDU
-- SER
-- BD-RjUL
Language of cataloging eng
041 ## - LANGUAGE CODE
Language code of text/sound track or separate title eng
082 ## - DEWEY DECIMAL CLASSIFICATION NUMBER
Classification number 612.3926
Edition number 16
Author mark and year SHC 1948
096 ## - LOCALLY ASSIGNED NLM-TYPE CALL NUMBER (OCLC)
Classification number QU 130 S553c 1947
100 1# - MAIN ENTRY--PERSONAL NAME
Personal name Sherman, Henry C.
9 (RLIN) 30974
245 10 - TITLE STATEMENT
Title Calcium and phosphorus in foods and nutrition.
260 ## - PUBLICATION, DISTRIBUTION, ETC. (IMPRINT)
Place of publication, distribution, etc. New York :
Name of publisher, distributor, etc. Columbia Univ. Press ,
Date of publication, distribution, etc. 1948.
300 ## - PHYSICAL DESCRIPTION
Pagination vi, 176 p. :
Illustrations illus. ;
Size 23 cm.
500 ## - GENERAL NOTE
General note Includes index.
650 #0 - SUBJECT ADDED ENTRY--TOPICAL TERM
Topical term or geographic name as entry element Calcium in the body.
9 (RLIN) 39720
Topical term or geographic name as entry element Phosphorus in the body.
9 (RLIN) 39721
Topical term or geographic name as entry element Food
General subdivision Analysis.
9 (RLIN) 29436
Topical term or geographic name as entry element Food Analysis
9 (RLIN) 39722
Topical term or geographic name as entry element Calcium
9 (RLIN) 39723
Topical term or geographic name as entry element Phosphorus
9 (RLIN) 39724
942 ## - ADDED ENTRY ELEMENTS (KOHA)
Source of classification or shelving scheme Dewey Decimal Classification
Koha item type Books
Holdings
Lost status Source of classification or shelving scheme Damaged status Not for loan Collection code Permanent Location Current Location Shelving location Date acquired Source of acquisition Total Checkouts Full call number Date last seen Copy number Koha item type
  Dewey Decimal Classification   Not For Loan Non-fiction Central Library, University of Rajshahi Central Library, University of Rajshahi Reading Room 01/03/1958 U.S.I.S Dacca   612.3926 SHC 1948 29/01/2014 C-1 Books